Eslabón educativo /

Guardado en:
Autor Principal: Danieli de Arias, Elsa María
Otros Autores: Scandolo de O´shea, Noemí B.
Formato: Libro
Publicado: Córdoba : T.a.p.as, 1981
Series:Colección; No. 6
Materias:
Etiquetas: Agregar Etiqueta
Sin Etiquetas, Sea el primero en etiquetar este registro!
LEADER 01875nam a22002175a 4500
001 CEM.cems012337
005 20061020164308.0
008 130507s1981##################000#0#####d
003 CEMS
082 0 4 |a 372.05 
100 1 |a Danieli de Arias, Elsa María 
245 1 0 |a Eslabón educativo /  |c Elsa María Danieli de Arias ; noemí B. Scandolo de O´shea 
260 |a Córdoba :  |b T.a.p.as,  |c 1981 
300 |a 110 p. + 1 sup.lemento 
490 0 |a Colección; No. 6 
500 |a Para padres y maestros de jardines maternales, jardines infantes y escuelas de enseñanza especial 
505 0 |a Literatura -- ¡Títeres! un llamado serie a la alegría -- "Trompi y Ratolindo"-Obra para teatro de títeres -- "Ratatín, la ratira doctora" -- Educación física -- La naturaleza, el niño y la expresión corporal -- Temas: "Nuestra Cañada", "Mi columna" y "Esfuerzo motor-ondular" -- Reflexiones psicopedagógicas -- Predislexia -- Factores condicionantes de futuras dislexias -- Educación musical -- Relación "Música-plástica" -- Planeamiento -- Planificación de actividades núcelo-sección 3 años-: "Juguemos con el agua" -- Planificación de actividades vitales integradas-sección 4 años-: "Festejemos nuestra Navidad" -- Planificación de unidad de centro de interés-sección 5 años-: "Juguemos en nuestra mercería" -- Taller didáctico -- Indicaciones para confeccionar el material de evaluación propuesto en la sección "Planeamiento" -- Procedimiento para confeccionar los títeres: "Trompi, Ratín y Ratolindo", propuestos en la sección literatura -- Moldes para confección de títeres, ilustración para lectura de lámina e imágenes para juego de asociación de ideas (suplemento adjunto al ejemplar) 
653 |a Educación inicial 
700 1 |a Scandolo de O´shea, Noemí B. 
859 |a CEMS  |b BIB. CEMS - 11 de abril  |h 372.05  |i Es47-6  |p 11054.82  |t Ej.1